Piłkarze Ruchu Chorzów - nagła śmierć - Statystyki

Ogólne statystyki
  • Ten quiz został rozwiązany 63 razy
  • Średni wynik to 5 z 22
Answers on the Grid
Answers color-coded by a green-red scale on the quiz's grid according to % correct below.
Henryk Apostel
Jarosław Araszkiewicz
Marcin Baszczyński
Krzysztof Bizacki
Artur Boruc
Filip Burkhardt
Łukasz Burliga
Bogusław Cygan
Piotr Czaja
Mamia Dżikia
Dariusz Fornalak
Tomasz Fornalik
Radosław Gilewicz
Rafał Grzelak
Tomasz Hajto
Michał Helik
Andrzej Iwan
Marek Jóźwiak
Henryk Kasperczak
Jakub Kosecki
Marek Kubisz
Marcin Kuźba
Marek Leśniak
Jan Liberda
Włodzimierz Lubański
Tomasz Łapiński
Łukasz Madej
Włodzimierz Mazur
Gražvydas Mikulėnas
Józef Młynarczyk
Jarosław Niezgoda
Bartosz Nowak
Hubert Pala
Piotr Piekarczyk
Ernest Pohl
Michał Probierz
Andrzej Rudy
Marek Saganowski
Kazimierz Sidorczuk
Mariusz Stępiński
Maciej Szczęsny
Zygfryd Szołtysik
Antoni Szymanowski
Edward Szymkowiak
Mirosław Trzeciak
Jan Urban
Józef Wandzik
Robert Warzycha
Tomasz Wieszczycki
Ernest Wilimowski
Jerzy Wyrobek
Marek Zieńczuk
 
Statystyki odpowiedzi
Odpowiedź % Poprawnych
Marcin Baszczyński
53%
Michał Helik
53%
Tomasz Fornalik
43%
Krzysztof Bizacki
40%
Mariusz Stępiński
37%
Bartosz Nowak
30%
Dariusz Fornalak
30%
Ernest Wilimowski
30%
Jarosław Niezgoda
30%
Łukasz Burliga
30%
Marek Zieńczuk
27%
Mamia Dżikia
23%
Jerzy Wyrobek
20%
Piotr Czaja
20%
Łukasz Madej
17%
Gražvydas Mikulėnas
10%
Michał Probierz
10%
Radosław Gilewicz
10%
Rafał Grzelak
10%
Hubert Pala
7%
Józef Wandzik
7%
Edward Szymkowiak
3%
Nie znaleziono quizów pasujących do podanych kryteriów
Rozkład punktacji
Procent ludzi z każdym wynikiem
Percentyl według liczby udzielonych odpowiedzi
Twoja historia wyników
Nie rozwiązałeś tego quizu